| 000 | 01007nam a2200301 i 4500 | ||
|---|---|---|---|
| 001 | bg | ||
| 003 | BPK | ||
| 005 | 20190723110303.0 | ||
| 008 | 000320s1979 pl a f |001 0 pol | ||
| 015 | _aPB 1980/2578 | ||
| 020 | _a8301007508 | ||
| 040 |
_aWA N _cBPK |
||
| 041 | 1 |
_apol _heng |
|
| 080 | _a537.6 | ||
| 080 | _a530.1 | ||
| 100 | 1 |
_aWhite, Robert M. _d(1938- ). |
|
| 245 | 1 | 0 |
_aKwantowa teoria magnetyzmu / _cRobert M. White ; [z ang. tł. Władysław Walukiewicz, Jacek Kossut]. |
| 246 | 1 |
_iTyt. oryg.: _aQuantum theory of magnetism, _f1970. |
|
| 260 |
_aWarszawa : _bPańst. Wydaw. Naukowe, _c1979. |
||
| 300 |
_a232, [3] s. : _bil., tab., err. ; _c24 cm. |
||
| 504 | _aIndeks. | ||
| 650 | 4 |
_aMagnetyzm _xteoria. |
|
| 650 | 4 | _aMechanika kwantowa | |
| 700 | 1 |
_aWalukiewicz, Władysław. _eTł. |
|
| 700 | 1 |
_aKossut, Jacek. _eTł. |
|
| 856 |
_uhttp://koha.tu.koszalin.pl/cgi-bin/koha/opac-detail.pl?biblionumber=18928 _yKatalog online BPK |
||
| 942 |
_2UKD _cKS |
||
| 999 |
_c18928 _d18928 |
||